000 00582nmm a2200169Ia 4500
008 251105s9999||||xx |||||||||||||||||und||
020 _a9788489564626
041 _aspa
100 _aHeras, Beatriz de las
245 0 _aMadrid 1936 - 1939 : imágenes de una ciudad sitiada :
_b Colección inédita de fotografías de la Guerra Civil
264 _a[Madrid, España] :
_bEdiciones JC Clementine,
_c2009
300 _a206 páginas
490 _aColección Imágenes
650 _aHistory of Europe: Spain
856 _uhttps://public.digitaliapublishing.com/a/12877
942 _cCF
999 _c87075
_d87075